000 00342nam a2200133Ia 4500
008 151001s9999||||xx |||||||||||||| ||und||
100 _aजयप्रकाश कदम
245 _aबौध्द दार्शनिक
250 _a1
260 _bसंगीता
260 _c1998
300 _a46
365 _b18
999 _c973676
_d973673